[Event "Morelia op 2nd"]
[Site "Morelia"]
[Date "2007.02.15"]
[Round "1"]
[White "Perez Melo, Fernando"]
[Black "Bruzon Batista, Lazaro"]
[Result "0-1"]
[WhiteElo "2116"]
[BlackElo "2614"]
[PlyCount "61"]
[EventDate "2007.02.15"]
[EventType "swiss"]
[EventRounds "7"]
[EventCountry "MEX"]
[SourceTitle "CBM 116 Extra"]
[Source "ChessBase"]
[SourceDate "2007.03.07"]
[SourceVersion "1"]
[SourceVersionDate "2007.03.07"]
[SourceQuality "1"]

1. d4 Nf6 2. Nf3 e6 3. g3 b6 4. Bg2 Bb7 5. 0-0 Be7 6. c4 0-0 7. Nc3 Na6 8. Ne5 Bxg2 9. Kxg2 Qc8 10. e3 Qb7+ 11. Qf3 d5 12. cxd5 exd5 13. Bd2 c5 14. Rfd1 Nc7 15. Be1 Rfd8 16. Rac1 Ne6 17. h4 Rac8 18. Rc2 cxd4 19. exd4 b5 20. Re2 b4 21. Na4 Bd6 22. Qd3 Ne4 23. f3 Bxe5 24. dxe5 Qc6 25. Qb3 Qa6 26. Kf1 N4c5 27. Nxc5 Rxc5 28. Bf2 Ra5 29. Qxb4 Rxa2 30. Qb3 d4 31. Bxd4 0-1

[Event "Fide Mercenarios 57th"]
[Site "Mexico City"]
[Date "2001.??.??"]
[Round "1"]
[White "Perez Melo, Fernando"]
[Black "Padilla Liceaga, Jorge"]
[Result "1-0"]
[WhiteElo "2115"]
[BlackElo "2155"]
[PlyCount "74"]
[EventDate "2001.??.??"]
[EventType "swiss"]
[EventRounds "5"]
[EventCountry "MEX"]
[SourceTitle "EXT 2003"]
[Source "ChessBase"]
[SourceDate "2002.11.25"]
[SourceVersion "1"]
[SourceVersionDate "2002.11.25"]
[SourceQuality "1"]

1. d4 g6 2. c4 Bg7 3. Nc3 c5 4. e3 Nf6 5. d5 d6 6. e4 0-0 7. Be2 e6 8. Nf3 exd5 9. cxd5 Re8 10. Nd2 b6 11. 0-0 Ba6 12. Bxa6 Nxa6 13. f3 Nc7 14. a4 a6 15. Nc4 Rb8 16. Bf4 Bf8 17. g4 h5 18. h3 hxg4 19. hxg4 Nh7 20. Kg2 b5 21. axb5 axb5 22. Na5 Qf6 23. Qd2 b4 24. Ne2 g5 25. Be3 Bg7 26. Nc4 Qg6 27. Ng3 Nf6 28. Rac1 Nh7 29. Nf5 Bf8 30. Rh1 Nf6 31. Ncxd6 Nxg4 32. fxg4 Bxd6 33. Rh6 Rxe4 34. Rxg6+ fxg6 35. Nxd6 Rxg4+ 36. Kf3 Rh4 37. Bxg5 Rf8+ 1-0